| 000 | 00447cam a2200181 4500 | ||
|---|---|---|---|
| 001 | D4152 | ||
| 008 | 090401t1965 xxu||||| |||| 00| 0 eng d | ||
| 035 | _a(Sirsi) u76744 | ||
| 041 | _aeng | ||
| 050 | _a526.99 | ||
| 110 |
_aAdmiralty _91055 |
||
| 245 | _aAdmiralty manual of hydrographic surveying, volume 1 | ||
| 260 |
_aLondon _bHydrographer of Navy _c1965 |
||
| 300 | _axiv. 671p. 27cm | ||
| 350 | _a0 | ||
| 942 | _n0 | ||
| 948 | _c04/03/1997 | ||
| 999 |
_c96239 _d96239 |
||